| Tag |
First Indicator |
Second Indicator |
Subfields |
| LEADER |
00000cam a2200000 a 4500 |
| 001 |
in00000070991 |
| 005 |
20151008062012.0 |
| 008 |
810619m19819999enka b 00100 eng |
| 010 |
|
|
|a 80041360
|
| 015 |
|
|
|a GB***
|
| 019 |
|
|
|a 8986102
|a 8986127
|a 8986155
|
| 020 |
|
|
|a 0122228014 (v. 1)
|
| 035 |
|
|
|a (OCoLC)07514447
|
| 035 |
|
|
|9 AAJ9310AM
|
| 039 |
0 |
|
|a 2
|b 3
|c 3
|d 3
|e 3
|
| 040 |
|
|
|a DLC
|c DLC
|d TXA
|d UtOrBLW
|
| 049 |
|
|
|a TXAM
|v 1 [1560754]
|v 2 [273206]
|v 4 [273207]
|
| 050 |
0 |
0 |
|a HM132
|b .P425
|
| 082 |
0 |
|
|a 302
|2 19
|
| 245 |
0 |
0 |
|a Personal relationships /
|c editors, Steve Duck and Robin Gilmour.
|
| 264 |
|
1 |
|a London ;
|a New York :
|b Academic Press,
|c 1981-
|
| 300 |
|
|
|a volumes :
|b illustrations ;
|c 24 cm.
|
| 336 |
|
|
|a text
|b txt
|2 rdacontent
|
| 337 |
|
|
|a unmediated
|b n
|2 rdamedia
|
| 338 |
|
|
|a volume
|b nc
|2 rdacarrier
|
| 504 |
|
|
|a Includes bibliographies and index.
|
| 505 |
0 |
|
|a v. 1. Studying personal relationships -- v. 2. Developing personal relationships -- v. 4. Dissolving personal relationships.
|
| 650 |
|
0 |
|a Interpersonal relations.
|
| 700 |
1 |
|
|a Duck, Steve.
|
| 700 |
1 |
|
|a Gilmour, Robin.
|
| 999 |
|
|
|a MARS
|
| 999 |
f |
f |
|s 18989265-1aa0-3a68-ba82-3d2413099366
|i c646830e-9555-3a5f-84a6-f8ce896b82ac
|t 0
|
| 952 |
f |
f |
|p ric
|a Texas A&M University
|b Rellis Campus
|c Joint Library Facility
|d Remote Storage
|t 0
|e HM132 .P425
|h Library of Congress classification
|i unmediated -- volume
|k v.4
|m A14807985892
|
| 952 |
f |
f |
|p ric
|a Texas A&M University
|b Rellis Campus
|c Joint Library Facility
|d Remote Storage
|t 0
|e HM132 .P425
|h Library of Congress classification
|i unmediated -- volume
|k v.2
|m A14807985884
|
| 952 |
f |
f |
|p ric
|a Texas A&M University
|b Rellis Campus
|c Joint Library Facility
|d Remote Storage
|t 0
|e HM132 .P425
|h Library of Congress classification
|i unmediated -- volume
|k v.1
|m A14806139367
|
| 998 |
f |
f |
|a HM132 .P425
|s v.1-2,4
|t 0
|l Remote Storage
|